[Event "GCT 2025 Saint Louis - Rapid"]
[Site "Saint Louis"]
[Date "12.08.2025"]
[Round "1R"]
[White "Caruana, Fabiano"]
[Black "Vachier-Lagrave, Maxime"]
[Result "1/2-1/2"]
[WhiteElo "2784"]
[BlackElo "2736"]
[EventDate "2025.08.11"]

1. e4 c5 2. Nf3 d6 3. d4 cxd4 4. Nxd4 Nf6 5. Nc3 a6 6. Bc4 e6 7. Be3 Be7 8.
Bb3 b5 9. a3 Bb7 10. Bxe6 fxe6 11. Nxe6 Qd7 12. Nxg7+ Kd8 13. Nf5 Nxe4 14.
Bb6+ Kc8 15. Qg4 Re8 16. O-O-O Nf6 17. Qh3 Be4 18. Nxe4 Nxe4 19. Rhe1 Bg5+
20. Be3 Re5 21. Bxg5 Qxf5 22. Qxf5+ Rxf5 23. Rxe4 Rxg5 24. Rxd6 Kc7 25. Rh6
Rxg2 26. Rxh7+ Nd7 27. Rd4 Rd8 28. f4 Kc8 29. Rh6 Nb8 30. Rxd8+ Kxd8 31. h4
Rf2 32. Rf6 Rh2 33. Rh6 Kc7 34. f5 Nd7 35. Rxa6 Rxh4 36. b3 Rf4 37. a4 bxa4
38. Rxa4 Rxf5 39. Kb2 Rc5 40. Rc4 Rxc4 41. bxc4 Kc6 42. c5 Nxc5 43. c4 Na4+
44. Ka3 Nb6 45. c5 Kxc5 1/2-1/2

[Event "GCT 2025 Saint Louis - Rapid"]
[Site "Saint Louis"]
[Date "12.08.2025"]
[Round "1R"]
[White "Oparin, Grigoriy"]
[Black "Le Quang Liem"]
[Result "1-0"]
[WhiteElo "2660"]
[BlackElo "2729"]
[EventDate "2025.08.11"]

1. e4 e5 2. Nf3 Nc6 3. Nc3 Nf6 4. h3 Bb4 5. Bd3 O-O 6. O-O d6 7. Ne2 d5 8.
exd5 Nxd5 9. c3 Be7 10. Bc2 f5 11. d4 e4 12. Nh2 Kh8 13. f3 Nf6 14. Bg5 Nd5
15. Bc1 Nf6 16. Bg5 Nd5 17. Bxe7 Qxe7 18. Qd2 Bd7 19. fxe4 fxe4 20. Rae1
Qh4 21. Rxf8+ Rxf8 22. Rf1 Rxf1+ 23. Nxf1 Nce7 24. Neg3 e3 25. Qe2 Qf4 26.
Be4 b5 27. Bf3 g6 28. Ne4 c6 29. g3 Qf8 30. Nxe3 Nxe3 31. Qxe3 Nd5 32. Qg5
Qxf3 33. Qd8+ Kg7 34. Qxd7+ Kf8 35. Qc8+ Ke7 36. Qb7+ Kd8 37. Qb8+ Ke7 38.
Qxa7+ Kf8 39. Qb8+ Kg7 40. Qe5+ Kh6 41. Nf2 Ne3 42. Qf4+ Qxf4 43. gxf4 Kh5
44. b3 Kh4 45. Kh2 Nd5 46. a4 bxa4 47. bxa4 Nxc3 48. a5 Nb5 49. a6 Na7 50.
Kg2 Nb5 51. Ne4 Kh5 52. Ng5 Kh6 53. Ne6 Kh5 54. Kg3 Na7 55. Nd8 Kh6 56.
Nxc6 Nxc6 57. d5 1-0

[Event "GCT 2025 Saint Louis - Rapid"]
[Site "Saint Louis"]
[Date "12.08.2025"]
[Round "1R"]
[White "Dominguez, Leinier"]
[Black "Shankland, Sam"]
[Result "1-0"]
[WhiteElo "2738"]
[BlackElo "2670"]
[EventDate "2025.08.11"]

1. e4 c5 2. Nf3 e6 3. d4 cxd4 4. Nxd4 Nf6 5. Nc3 Nc6 6. Ndb5 d6 7. Bf4 e5
8. Bg5 a6 9. Na3 b5 10. Nd5 Be7 11. Bxf6 Bxf6 12. c3 O-O 13. Nc2 Be6 14. a4
Ne7 15. Ncb4 Nxd5 16. Nxd5 Bg5 17. h4 Bh6 18. g3 Qd7 19. axb5 axb5 20. Rxa8
Rxa8 21. Nb4 f5 22. Bg2 f4 23. Bh3 Kh8 24. Bxe6 Qxe6 25. g4 g6 26. f3 Bf8
27. h5 Kg7 28. Rh2 Qc4 29. hxg6 hxg6 30. Nd5 Ra2 31. b3 Rxh2 32. bxc4 Rh1+
33. Ke2 Rxd1 34. Kxd1 bxc4 35. Nb6 Kf6 36. Ke2 Kg5 37. Kf2 d5 38. Nxd5 Bc5+
39. Ke2 Kh4 40. Nf6 Bb6 41. Nd7 Bc7 42. Nf8 g5 43. Nd7 Kg3 44. Nc5 Ba5 45.
Na4 Kg2 46. Nb2 Bxc3 47. Nxc4 Kg3 48. Nd6 Bd4 49. Nf7 Kh4 50. Kf1 Bc5 51.
Kg2 1-0

[Event "GCT 2025 Saint Louis - Rapid"]
[Site "Saint Louis"]
[Date "11.08.2025"]
[Round "2R"]
[White "Shankland, Sam"]
[Black "Le Quang Liem"]
[Result "0-1"]
[WhiteElo "2670"]
[BlackElo "2729"]
[EventDate "2025.08.11"]

1. e4 e5 2. Nf3 Nc6 3. Bb5 Nf6 4. O-O Nxe4 5. d4 Nd6 6. Bxc6 dxc6 7. dxe5
Nf5 8. Qxd8+ Kxd8 9. h3 Ke8 10. Nc3 Be7 11. Re1 h5 12. Bg5 Be6 13. Rad1 Bb4
14. Nd4 Nxd4 15. Rxd4 Bxc3 16. bxc3 Kf8 17. a4 Kg8 18. f3 Kh7 19. Kf2 Kg6
20. Bh4 Rae8 21. a5 b5 22. a6 Bd5 23. g4 hxg4 24. Rxg4+ Kf5 25. Kg3 Rh7 26.
Rf4+ Ke6 27. Bg5 Kd7 28. Re3 f6 29. exf6 Rxe3 30. f7 Rh8 31. f8=Q Rxf8 32.
Rxf8 Rxc3 33. h4 c5 34. h5 b4 35. Rd8+ Kc6 36. Bf4 Rxf3+ 37. Kg4 Rf2 38.
Rb8 Bc4 39. Rb7 Bxa6 40. Rxc7+ Kb6 41. Rxg7 Be2+ 42. Kg3 Rf3+ 43. Kg4 Rf1+
44. Kf5 Bxh5 45. Ke4 Bd1 46. c4 Bc2+ 47. Ke5 b3 0-1

[Event "GCT 2025 Saint Louis - Rapid"]
[Site "Saint Louis"]
[Date "11.08.2025"]
[Round "2R"]
[White "Vachier-Lagrave, Maxime"]
[Black "Aronian, Levon"]
[Result "0-1"]
[WhiteElo "2736"]
[BlackElo "2737"]
[EventDate "2025.08.11"]

1. e4 e6 2. d4 d5 3. Nc3 Nf6 4. Bg5 dxe4 5. Nxe4 Bd7 6. Nf3 Bc6 7. Bd3 Nbd7
8. Ng3 Be7 9. O-O O-O 10. Re1 Re8 11. c3 a5 12. Bc2 a4 13. Qd3 Bxf3 14.
Qxf3 c6 15. Rad1 Qa5 16. Bd2 Qd5 17. Qxd5 cxd5 18. Bd3 Nb8 19. b3 axb3 20.
axb3 Ra2 21. Ne2 Nc6 22. Nc1 Ra3 23. f3 Na5 24. Bb5 Rb8 25. b4 Nc4 26. Ne2
Nxd2 27. Rxd2 h5 28. h4 Rc8 29. g3 Bd6 30. Kf2 e5 31. dxe5 Bxe5 32. Rd3 Ra2
33. Kf1 g6 34. Red1 Kg7 35. Re3 Bc7 36. c4 Rb2 37. cxd5 Rxb4 38. d6 Rxb5
39. dxc7 Rxc7 40. Nf4 Rb2 41. Re2 Rb3 42. Kg2 b5 43. Rd6 Rb7 44. Ra2 b4 45.
Raa6 Nd7 46. Nd3 Rxd3 0-1

[Event "GCT 2025 Saint Louis - Rapid"]
[Site "Saint Louis"]
[Date "11.08.2025"]
[Round "2R"]
[White "Dominguez, Leinier"]
[Black "So, Wesley"]
[Result "1/2-1/2"]
[WhiteElo "2738"]
[BlackElo "2745"]
[EventDate "2025.08.11"]

1. e4 e5 2. Nf3 Nc6 3. Bc4 Nf6 4. d3 Be7 5. O-O O-O 6. Re1 d6 7. a4 Be6 8.
Bxe6 fxe6 9. c3 a5 10. Na3 Kh8 11. Bd2 Nd7 12. b4 axb4 13. cxb4 d5 14. Nc2
Bd6 15. b5 Na5 16. Ne3 d4 17. Bxa5 dxe3 18. Bc3 exf2+ 19. Kxf2 Bc5+ 20. d4
exd4 21. Bxd4 Qg5 22. Bxc5 Qxc5+ 23. Kg3 Nf6 24. h3 Nh5+ 25. Kh2 Qf2 26.
Rf1 Qg3+ 27. Kh1 Rf4 28. a5 Rxe4 29. a6 bxa6 30. bxa6 h6 31. Nd2 Re5 32.
Qf3 Rd5 33. Ne4 Qg6 34. Kh2 Rf5 35. Qg4 Qf7 36. Rxf5 exf5 37. Qf3 Ra7 38.
Ra5 c5 39. Rxc5 Rxa6 40. Qxf5 Qxf5 41. Rxf5 Nf6 42. Nxf6 gxf6 43. Rb5 Kg7
44. Rb7+ Kg6 45. Rb5 Kg7 46. Rb7+ Kg6 47. Rb5 Kg7 1/2-1/2

[Event "GCT 2025 Saint Louis - Rapid"]
[Site "Saint Louis"]
[Date "11.08.2025"]
[Round "3R"]
[White "Oparin, Grigoriy"]
[Black "Vachier-Lagrave, Maxime"]
[Result "0-1"]
[WhiteElo "2660"]
[BlackElo "2736"]
[EventDate "2025.08.11"]

1. c4 e5 2. Nc3 Bb4 3. Qc2 Nf6 4. Nf3 Qe7 5. a3 Bxc3 6. Qxc3 Nc6 7. b4 d5
8. cxd5 Nxd5 9. Qc5 Qxc5 10. bxc5 Bg4 11. Bb2 f6 12. e3 O-O-O 13. h3 Be6
14. Be2 h5 15. Rd1 g5 16. g3 Nde7 17. d4 e4 18. Nd2 Bd5 19. f3 exf3 20.
Bxf3 f5 21. O-O g4 22. Bxd5 Nxd5 23. Rde1 Rhf8 24. hxg4 hxg4 25. e4 fxe4
26. Rxe4 Rfe8 27. Rfe1 Re7 28. Nc4 Rh8 29. Rxe7 Ncxe7 30. Re5 b5 31. cxb6
axb6 32. Re4 Rg8 33. Bc1 Kb7 34. Kg2 Ka6 35. Ne5 Nf6 36. Rf4 Ned5 37. Rf5
Kb7 38. Nd7 Nxd7 39. Rxd5 Nf6 40. Rf5 Rg6 41. d5 Ne4 42. Bf4 Rg7 43. Be5
Re7 44. Bh8 Nd6 45. Rf4 Re4 46. Rxe4 0-1

[Event "GCT 2025 Saint Louis - Rapid"]
[Site "Saint Louis"]
[Date "11.08.2025"]
[Round "3R"]
[White "So, Wesley"]
[Black "Shankland, Sam"]
[Result "1-0"]
[WhiteElo "2745"]
[BlackElo "2670"]
[EventDate "2025.08.11"]

1. e4 c5 2. Nf3 e6 3. d3 Nc6 4. g3 d5 5. Qe2 Be7 6. Bg2 Nf6 7. a4 O-O 8.
O-O dxe4 9. dxe4 e5 10. c3 h6 11. Nbd2 Be6 12. Nc4 Qc7 13. Nh4 Rfd8 14. Nf5
Bf8 15. f4 Bxc4 16. Qxc4 Na5 17. Qe2 Nb3 18. fxe5 Nxc1 19. Raxc1 Qxe5 20.
Ne3 Qe6 21. Nc4 Rd7 22. e5 Re8 23. Rcd1 h5 24. h3 Red8 25. Rxd7 Rxd7 26.
Bf3 Nh7 27. Bxh5 Qxh3 28. Qg4 Qxg4 29. Bxg4 Rd3 30. Bf5 Rxg3+ 31. Kh2 Rg5
32. Bxh7+ Kxh7 33. Rxf7 Rg4 34. b3 Kg8 35. Rxb7 a6 36. Rb6 Be7 37. Rxa6 Bh4
38. Kh3 Rf4 39. a5 Be1 40. e6 Re4 41. Rd6 g5 42. a6 g4+ 43. Kg2 Bh4 44. Rd2
Rxe6 45. Ra2 1-0

[Event "GCT 2025 Saint Louis - Rapid"]
[Site "Saint Louis"]
[Date "11.08.2025"]
[Round "3R"]
[White "Caruana, Fabiano"]
[Black "Dominguez, Leinier"]
[Result "1-0"]
[WhiteElo "2784"]
[BlackElo "2738"]
[EventDate "2025.08.11"]

1. c4 c5 2. Nf3 Nf6 3. Nc3 Nc6 4. d4 cxd4 5. Nxd4 e6 6. g3 Qb6 7. Ndb5 Ne5
8. Bf4 Nfg4 9. Qb3 a6 10. f3 g5 11. Bxg5 axb5 12. fxg4 Nxc4 13. e4 Qa5 14.
Qxb5 Bg7 15. Bxc4 Bxc3+ 16. bxc3 Qxc3+ 17. Ke2 1-0

[Event "GCT 2025 Saint Louis - Rapid"]
[Site "Saint Louis"]
[Date "12.08.2025"]
[Round "4R"]
[White "So, Wesley"]
[Black "Caruana, Fabiano"]
[Result "1/2-1/2"]
[WhiteElo "2745"]
[BlackElo "2784"]
[EventDate "2025.08.11"]

1. e4 c5 2. Nf3 e6 3. d4 cxd4 4. Nxd4 Nc6 5. Nc3 Nf6 6. Ndb5 Bc5 7. Nd6+
Ke7 8. Bf4 e5 9. Nf5+ Kf8 10. Bg5 d6 11. Bc4 Be6 12. Bb3 h6 13. Bxf6 Qxf6
14. O-O Bxf5 15. Nd5 Qg6 16. exf5 Qxf5 17. c3 Ne7 18. Kh1 Rb8 19. Qd2 Nxd5
20. Qxd5 g6 21. Rae1 Kg7 22. f4 exf4 23. Qxf5 gxf5 24. Rxf4 Rhe8 25. Ref1
Re5 26. Rxf5 Rxf5 27. Rxf5 f6 28. g3 Re8 29. Bc4 Re5 30. Rxe5 fxe5 31. Bd5
b6 32. Kg2 Be3 33. Kf3 Bc1 34. b3 Bd2 35. c4 Kf6 36. Ke4 a5 37. Bc6 Bb4 38.
Bd5 Bd2 39. Bc6 Bb4 40. Bd5 Bd2 1/2-1/2

[Event "GCT 2025 Saint Louis - Rapid"]
[Site "Saint Louis"]
[Date "12.08.2025"]
[Round "4R"]
[White "Dominguez, Leinier"]
[Black "Aronian, Levon"]
[Result "1/2-1/2"]
[WhiteElo "2738"]
[BlackElo "2737"]
[EventDate "2025.08.11"]

1. e4 e6 2. d4 d5 3. Nc3 Nf6 4. e5 Nfd7 5. f4 c5 6. Nf3 Nc6 7. Be3 cxd4 8.
Nxd4 Qb6 9. Qd2 Qxb2 10. Rb1 Qa3 11. Bb5 Nxd4 12. Bxd4 a6 13. Bxd7+ Bxd7
14. Rb3 Qe7 15. Rxb7 Qh4+ 16. Bf2 Qd8 17. Bb6 Qc8 18. Rc7 Qd8 19. Qd4 Ba3
20. f5 O-O 21. f6 gxf6 22. exf6 Kh8 23. O-O Rc8 24. Qf4 Rg8 25. Kh1 Rxc7
26. Bxc7 Qf8 27. Rb1 Qa8 28. Rb8 Rxb8 29. Bxb8 Bf8 30. Bd6 Bxd6 31. Qxd6
Bb5 32. h4 Qg8 33. Nd1 h6 34. Ne3 Qg6 35. Qe5 h5 36. Kh2 Kh7 37. a3 Qh6 38.
Kg3 Qg6+ 39. Kf3 Ba4 40. c3 Bd1+ 41. Kf2 Bg4 42. Kg1 Bf3 43. Kh2 Be4 44.
Kg1 Bf3 45. Kh2 Be4 46. Kg1 Bf3 47. Kf2 Be4 48. Qf4 Qh6 49. Qe5 Qg6 50. Qf4
Qh6 51. Qe5 Qg6 1/2-1/2

[Event "GCT 2025 Saint Louis - Rapid"]
[Site "Saint Louis"]
[Date "12.08.2025"]
[Round "4R"]
[White "Vachier-Lagrave, Maxime"]
[Black "Le Quang Liem"]
[Result "1/2-1/2"]
[WhiteElo "2736"]
[BlackElo "2729"]
[EventDate "2025.08.11"]

1. e4 e5 2. Nf3 Nc6 3. Bb5 Bc5 4. O-O Nd4 5. Nxd4 Bxd4 6. c3 Bb6 7. d4 c6
8. Be2 d6 9. Na3 Nf6 10. Nc4 exd4 11. Bf3 O-O 12. Nxb6 Qxb6 13. cxd4 d5 14.
e5 Ne4 15. Be2 h6 16. f3 Ng5 17. b3 Ne6 18. Be3 f6 19. exf6 Rxf6 20. Qd2
Bd7 21. Rae1 Re8 22. Bd1 Nf8 23. Bf2 Rxe1 24. Rxe1 Bf5 25. Re8 Re6 26. Ra8
Bg6 27. a4 Re8 28. a5 Qc7 29. Bg3 Qd7 30. Rxa7 Qc8 31. h4 Re7 32. a6 Rf7
33. axb7 Rxb7 34. Rxb7 Qxb7 35. Kh2 Ne6 36. b4 Qe7 37. Ba4 Be8 38. Qc3 Qb7
39. Be5 Qe7 40. g3 Qb7 41. f4 Qa6 42. Bd1 Bg6 43. Bg4 Nf8 44. Qe3 Be4 45.
Bf3 Bxf3 46. Qxf3 Qa2+ 47. Kh3 Qb1 48. h5 Nd7 49. Bxg7 Kxg7 50. Qg4+ Kf6
51. Qxd7 Qh1+ 52. Kg4 Qd1+ 53. Kh4 Qh1+ 54. Qh3 Qg1 55. Kg4 Qd1+ 56. Kh4
Qg1 57. g4 Qe1+ 58. Qg3 Qh1+ 59. Qh3 Qe1+ 60. Qg3 Qh1+ 61. Qh3 Qe1+ 1/2-1/2

[Event "GCT 2025 Saint Louis - Rapid"]
[Site "Saint Louis"]
[Date "12.08.2025"]
[Round "4R"]
[White "Shankland, Sam"]
[Black "Gukesh, Dommaraju"]
[Result "1-0"]
[WhiteElo "2670"]
[BlackElo "2776"]
[EventDate "2025.08.11"]

1. e4 d6 2. d4 Nf6 3. Nc3 e5 4. Nf3 Nbd7 5. Rg1 c6 6. g4 h6 7. Be3 b5 8. a3
Qc7 9. Qd2 exd4 10. Nxd4 Ne5 11. f4 Nc4 12. Bxc4 bxc4 13. Nf5 Rb8 14. Bd4
Be6 15. e5 dxe5 16. Bxe5 Qb6 17. Bd4 Qa5 18. O-O-O Rxb2 19. Bxf6 gxf6 20.
Rge1 Rb7 21. Nd6+ Bxd6 22. Qxd6 Qb6 23. Rxe6+ fxe6 24. Qxe6+ Re7 25. Qc8+
Kf7 26. Qxh8 Qe3+ 27. Rd2 Qxf4 28. Qh7+ Kf8 29. Qf5 Re1+ 30. Nd1 Qxf5 31.
gxf5 Ke7 32. Kb2 Re5 33. Rf2 Kd6 34. Nc3 Re3 35. Rf4 Ke5 36. Rh4 Kxf5 37.
Rxh6 Kg5 38. Rh7 a5 39. Rg7+ Kh5 40. Rg3 Re5 41. Nd1 f5 42. Kc3 f4 43. Rg8
Re2 44. h3 Re1 45. Kd2 Rh1 46. Nf2 Rf1 47. Ne4 Ra1 48. Rf8 Rxa3 49. Rxf4
Rxh3 50. Nc3 Rh2+ 51. Kc1 Rh4 52. Rf5+ Kg4 53. Rxa5 Kf3 54. Re5 Rd4 55. Re6
Rh4 56. Kb2 Rg4 57. Rxc6 Ke3 58. Rd6 Rg8 59. Nd5+ Ke2 60. Kc3 Rg4 61. Re6+
Kf2 62. Nb6 1-0

[Event "GCT 2025 Saint Louis - Rapid"]
[Site "Saint Louis"]
[Date "12.08.2025"]
[Round "5R"]
[White "Oparin, Grigoriy"]
[Black "Dominguez, Leinier"]
[Result "1/2-1/2"]
[WhiteElo "2660"]
[BlackElo "2738"]
[EventDate "2025.08.11"]

1. e4 e5 2. Nc3 Nc6 3. a3 Nf6 4. d3 Bc5 5. Nf3 Ng4 6. d4 exd4 7. Na4 d6 8.
h3 Nf6 9. b4 Bb6 10. Nxb6 axb6 11. b5 Ne5 12. Qxd4 Qe7 13. Bb2 O-O 14. Bd3
Re8 15. a4 Nfd7 16. Nd2 Nc5 17. O-O Qf6 18. f4 Nexd3 19. Qxf6 gxf6 20. cxd3
f5 21. Rf3 fxe4 22. Rg3+ Kf8 23. Nxe4 Nxe4 24. Bg7+ Ke7 25. dxe4 Bd7 26.
Rc3 Rg8 27. Bd4 c5 28. bxc6 Bxc6 29. Re3 Rxa4 30. Rxa4 Bxa4 31. Bxb6 Bc6
32. g4 Ra8 33. e5 Ra4 34. f5 Re4 35. Rxe4 Bxe4 36. exd6+ Kxd6 37. Kf2 h5
38. Ke3 Bb1 39. Kf4 hxg4 40. hxg4 Bc2 41. g5 Bb1 42. g6 fxg6 43. fxg6 Bxg6
44. Bd4 Kc6 45. Ke3 b6 46. Bxb6 1/2-1/2

[Event "GCT 2025 Saint Louis - Rapid"]
[Site "Saint Louis"]
[Date "12.08.2025"]
[Round "5R"]
[White "Caruana, Fabiano"]
[Black "Shankland, Sam"]
[Result "1-0"]
[WhiteElo "2784"]
[BlackElo "2670"]
[EventDate "2025.08.11"]

1. e4 c5 2. Nf3 d6 3. d4 cxd4 4. Nxd4 Nf6 5. Nc3 a6 6. f4 e5 7. Nf3 Nbd7 8.
a4 Be7 9. Bc4 O-O 10. O-O Qb6+ 11. Kh1 exf4 12. Bxf4 Qxb2 13. Qe1 Qb6 14.
Rd1 Qc7 15. Bb3 Ne5 16. Nd4 Bg4 17. Rb1 Rac8 18. Nd5 Nxd5 19. Bxd5 Nc6 20.
Qg3 h5 21. c3 Qd8 22. Rxb7 Nxd4 23. cxd4 Be2 24. Bh6 Bf6 25. Bxf7+ Kh8 26.
Bxh5 Rc7 27. Rxc7 Qxc7 28. Bxe2 gxh6 29. Bxa6 Qb6 30. Qd3 Kg7 31. e5 dxe5
32. dxe5 Be7 33. Rxf8 Kxf8 34. Qf5+ Kg7 35. Bc4 Qg6 36. Qxg6+ 1-0

[Event "GCT 2025 Saint Louis - Rapid"]
[Site "Saint Louis"]
[Date "12.08.2025"]
[Round "5R"]
[White "Gukesh, Dommaraju"]
[Black "Vachier-Lagrave, Maxime"]
[Result "1/2-1/2"]
[WhiteElo "2776"]
[BlackElo "2736"]
[EventDate "2025.08.11"]

1. Nf3 d5 2. c4 e6 3. g3 Nf6 4. Bg2 Be7 5. O-O O-O 6. b3 b6 7. cxd5 exd5 8.
Bb2 Re8 9. Nc3 Bb7 10. e3 Nbd7 11. Rc1 Bf8 12. Ne2 a5 13. a4 c5 14. d4 Rc8
15. Nc3 Ne4 16. Nb5 Nd6 17. Nxd6 Bxd6 18. Nh4 g6 19. Nf3 Bf8 20. Qe2 Bg7
21. Rfd1 Rc7 22. dxc5 Nxc5 23. Bxg7 Kxg7 24. Nd4 Qf6 25. Rc2 Rce7 26. Qe1
h5 27. h4 Ra8 28. Rcc1 Rc8 29. Rc2 Rec7 30. Bh3 Ra8 31. Rc3 Re7 32. Bg2 Rd8
33. Qd2 Bc8 34. Rdc1 Rc7 35. Nb5 Rc6 36. Qd4 Be6 37. Rd1 Rcc8 38. Na7 Rc7
39. Nb5 Rcc8 40. Na7 Rc7 41. Nb5 Rcc8 1/2-1/2

[Event "GCT 2025 Saint Louis - Rapid"]
[Site "Saint Louis"]
[Date "12.08.2025"]
[Round "5R"]
[White "Aronian, Levon"]
[Black "So, Wesley"]
[Result "1/2-1/2"]
[WhiteElo "2737"]
[BlackElo "2745"]
[EventDate "2025.08.11"]

1. e4 e5 2. Nf3 Nc6 3. d4 exd4 4. Nxd4 Nf6 5. Nxc6 bxc6 6. Nd2 d5 7. exd5
cxd5 8. Bb5+ Bd7 9. Bxd7+ Qxd7 10. O-O Be7 11. b3 O-O 12. Bb2 a5 13. a4
Rfe8 14. Qf3 Ng4 15. Rad1 Bd6 16. g3 c6 17. c4 Be5 18. Ba3 Bd4 19. cxd5
cxd5 20. Qf4 Be5 21. Qf3 Bd4 22. Qf4 Be5 23. Qf3 Bd4 1/2-1/2

[Event "GCT 2025 Saint Louis - Rapid"]
[Site "Saint Louis"]
[Date "12.08.2025"]
[Round "6R"]
[White "So, Wesley"]
[Black "Oparin, Grigoriy"]
[Result "1-0"]
[WhiteElo "2745"]
[BlackElo "2660"]
[EventDate "2025.08.11"]

1. e4 c5 2. Nf3 e6 3. Be2 Nc6 4. O-O Nf6 5. Nc3 d6 6. d4 cxd4 7. Nxd4 Be7
8. Be3 O-O 9. f4 a6 10. Kh1 Qc7 11. Qe1 Nxd4 12. Bxd4 b5 13. a3 Bb7 14. Qg3
Rad8 15. Bd3 Rd7 16. Rae1 Qd8 17. Qh3 g6 18. f5 e5 19. Be3 Bc6 20. Bh6 Re8
21. Qf3 Rb7 22. g4 Kh8 23. Qh3 Ng8 24. Be3 Bg5 25. Qf3 Bxe3 26. Rxe3 Qh4
27. Qg2 Qg5 28. Ref3 Nh6 29. Rg3 f6 30. fxg6 hxg6 31. Ne2 Kg7 32. Ng1 Nf7
33. Nf3 Qh6 34. g5 1-0

[Event "GCT 2025 Saint Louis - Rapid"]
[Site "Saint Louis"]
[Date "12.08.2025"]
[Round "6R"]
[White "Dominguez, Leinier"]
[Black "Le Quang Liem"]
[Result "1/2-1/2"]
[WhiteElo "2738"]
[BlackElo "2729"]
[EventDate "2025.08.11"]

1. e4 e5 2. Nf3 Nc6 3. Bb5 Bc5 4. O-O Nd4 5. Nxd4 Bxd4 6. c3 Bb6 7. d4 c6
8. Bc4 d6 9. dxe5 dxe5 10. Qxd8+ Bxd8 11. a4 a5 12. Be3 Nf6 13. Nd2 Ng4 14.
Bc5 b6 15. Bd6 Be7 16. Bc7 Bc5 17. Be2 Ra7 18. Bxg4 Rxc7 19. Bxc8 Rxc8 20.
Nc4 f6 21. b4 axb4 22. cxb4 Bxb4 23. Nxb6 Rb8 24. a5 Kf7 25. Rfc1 Bxa5 26.
Rxa5 Rxb6 27. Ra7+ Kg6 28. h4 Rb4 29. f3 Rc8 30. Rd1 Rd4 31. Rb1 Rdd8 32.
Rc1 c5 33. Rc2 c4 34. Kf2 c3 35. Ke2 Rd4 36. g3 Rdc4 37. Kd3 R4c6 38. Rb7
Rd8+ 39. Ke3 Rdc8 40. Kd3 Rd6+ 41. Ke3 Ra6 42. Ke2 Rd8 43. Rc7 Rd2+ 44.
Rxd2 cxd2 45. Rd7 h5 46. Rxd2 Ra7 47. Kf2 Kf7 48. Rb2 Kg6 49. Rd2 Kf7 50.
Rb2 Kg6 51. Rd2 1/2-1/2

[Event "GCT 2025 Saint Louis - Rapid"]
[Site "Saint Louis"]
[Date "12.08.2025"]
[Round "6R"]
[White "Shankland, Sam"]
[Black "Vachier-Lagrave, Maxime"]
[Result "0-1"]
[WhiteElo "2670"]
[BlackElo "2736"]
[EventDate "2025.08.11"]

1. c4 e5 2. g3 d5 3. cxd5 Qxd5 4. Nf3 Nc6 5. Bg2 Nf6 6. Nc3 Qd8 7. O-O h6
8. b3 Bd6 9. Bb2 O-O 10. d4 a6 11. dxe5 Nxe5 12. Qc2 Nc6 13. Rad1 Re8 14.
Nh4 Qe7 15. Rfe1 Bb4 16. Qc1 Be6 17. a3 Bc5 18. b4 Ba7 19. e3 Rad8 20. Qc2
Bg4 21. Nd5 Nxd5 22. Rxd5 Bd4 23. Bxd4 Nxd4 24. Qc4 Be6 25. Qxd4 Bxd5 26.
Bxd5 c6 27. Nf5 Qe5 28. Bxf7+ Kxf7 29. Qg4 Qf6 30. e4 Kg8 31. h4 Kh7 32. h5
Qg5 33. Qf3 Re5 34. Re3 c5 35. Kg2 Rd2 36. Rc3 b6 37. bxc5 Rxc5 38. Rxc5
bxc5 39. e5 Rd8 40. e6 Re8 41. Qe4 Kg8 42. e7 Qf6 43. Qd5+ Qf7 44. Qxc5
Qxh5 45. Qe5 Qf7 46. Qe4 h5 47. Qa4 Qd5+ 48. Kg1 Kf7 49. Qf4 Kg6 50. Nh4+
Kh7 51. Qf8 Qg8 52. Qf3 g6 53. Qb7 Qe6 54. Nf3 Qf6 55. Qd5 Rxe7 56. Kg2 Kg7
57. a4 Rf7 58. a5 Qf5 59. Qd4+ Kh7 60. Ne5 Re7 61. Nf3 Rf7 62. Ne5 Rg7 63.
f3 Re7 64. f4 g5 65. Qd6 Rg7 66. Kf3 gxf4 67. gxf4 h4 0-1

[Event "GCT 2025 Saint Louis - Rapid"]
[Site "Saint Louis"]
[Date "12.08.2025"]
[Round "6R"]
[White "Caruana, Fabiano"]
[Black "Aronian, Levon"]
[Result "1-0"]
[WhiteElo "2784"]
[BlackElo "2737"]
[EventDate "2025.08.11"]

1. d4 Nf6 2. c4 e6 3. Nc3 d5 4. cxd5 exd5 5. Bg5 Bb4 6. e3 h6 7. Bh4 g5 8.
Bg3 h5 9. Qb3 Bxc3+ 10. bxc3 h4 11. Be5 Nbd7 12. Nf3 Nxe5 13. Nxe5 h3 14.
Rg1 c6 15. g4 Qc7 16. f4 Be6 17. Rb1 b6 18. Rb2 gxf4 19. exf4 Ne4 20. Bd3
Rg8 21. Rf1 f6 22. Bxe4 fxe5 23. fxe5 Rxg4 24. Bf3 Rg5 25. Rbf2 O-O-O 26.
Be2 Rg2 27. Rf6 Qd7 28. R1f2 Kb7 29. Qa3 a5 30. Qd6 Qxd6 31. exd6 Re8 32.
Kf1 Rg5 33. Bd3 Bd7 34. Rf7 Kc8 35. Re7 Kd8 36. Rh7 b5 37. Rff7 Be6 38. Ra7
Rf8+ 39. Ke2 Bg4+ 40. Kd2 Bc8 41. d7 1-0

[Event "GCT 2025 Saint Louis - Rapid"]
[Site "Saint Louis"]
[Date "13.08.2025"]
[Round "7R"]
[White "Aronian, Levon"]
[Black "Shankland, Sam"]
[Result "1-0"]
[WhiteElo "2737"]
[BlackElo "2670"]
[EventDate "2025.08.11"]

1. e4 c5 2. Nc3 Nc6 3. Nf3 e6 4. d4 cxd4 5. Nxd4 Nf6 6. Nxc6 bxc6 7. e5 Nd5
8. Ne4 Qc7 9. f4 Qb6 10. a3 Ne3 11. Qd3 Nxf1 12. Rxf1 Ba6 13. c4 f5 14.
Nd6+ Bxd6 15. exd6 c5 16. Rf3 Bb7 17. Rg3 Rg8 18. b3 O-O-O 19. Bb2 g5 20.
Rxg5 Rxg5 21. fxg5 Be4 22. Qg3 Rg8 23. Bf6 h6 24. h4 hxg5 25. hxg5 Bc2 26.
Kf2 Qa5 27. b4 cxb4 28. axb4 Qxb4 29. Rxa7 Qd2+ 30. Kg1 Qd1+ 31. Kh2 Be4
32. Rc7+ Kb8 33. Rxd7 e5 34. Qe3 Qh5+ 35. Qh3 Qd1 36. Rh7 f4 37. d7 f3 38.
Qe6 Bxh7 39. Qb6+ 1-0

[Event "GCT 2025 Saint Louis - Rapid"]
[Site "Saint Louis"]
[Date "13.08.2025"]
[Round "7R"]
[White "Oparin, Grigoriy"]
[Black "Caruana, Fabiano"]
[Result "0-1"]
[WhiteElo "2660"]
[BlackElo "2784"]
[EventDate "2025.08.11"]

1. d4 Nf6 2. Nf3 e6 3. g3 b5 4. Bg2 Bb7 5. O-O c5 6. Bg5 cxd4 7. Nxd4 Bxg2
8. Kxg2 Qb6 9. Qd3 Nc6 10. Nf3 d5 11. a4 b4 12. Nbd2 Be7 13. c4 bxc3 14.
bxc3 O-O 15. Rfb1 Qc7 16. c4 Rfd8 17. cxd5 Nxd5 18. Qc4 f6 19. Bf4 Qd7 20.
Ne4 Rac8 21. Qb3 f5 22. Ned2 Bf6 23. Ra3 e5 24. Be3 e4 25. Ng1 Na5 26. Qb5
Nxe3+ 27. Rxe3 Qxd2 28. Qxf5 Qd5 29. Qxd5+ Rxd5 30. Rxe4 Nc4 31. Nf3 Nd6
32. Reb4 Rdc5 33. Rd1 R5c6 34. h4 h6 35. Rd5 Rc4 36. Rxc4 Nxc4 37. g4 Bc3
38. g5 Nb6 39. Rd6 h5 40. e3 Kf7 41. Ng1 Rc4 42. f4 Rxa4 43. Ne2 Bb4 44.
Rc6 Bd2 45. Rc7+ Ke6 46. Nd4+ Kd5 47. Rxg7 Bxe3 48. Ne2 Ke6 49. Kf3 Bc5 50.
Rg6+ Ke7 51. f5 Ra3+ 52. Kf4 Re3 53. Rg7+ Kf8 54. f6 Rxe2 55. Kf5 Nd5 56.
Rd7 Ne7+ 57. fxe7+ Rxe7 58. Rd5 Rc7 59. Kg6 a5 60. Rd8+ Ke7 61. Ra8 Ra7 62.
Rc8 Kd6 63. Kxh5 a4 64. Rd8+ Ke6 65. g6 a3 66. Rd1 a2 67. Re1+ Kf6 0-1

[Event "GCT 2025 Saint Louis - Rapid"]
[Site "Saint Louis"]
[Date "13.08.2025"]
[Round "7R"]
[White "Le Quang Liem"]
[Black "So, Wesley"]
[Result "1/2-1/2"]
[WhiteElo "2729"]
[BlackElo "2745"]
[EventDate "2025.08.11"]

1. d4 Nf6 2. c4 e6 3. Nf3 d5 4. Nc3 Be7 5. Bf4 O-O 6. e3 Nbd7 7. c5 c6 8.
Bd3 b6 9. b4 a5 10. a3 Ba6 11. O-O Qc8 12. h3 Qb7 13. Qc2 h6 14. Rfc1 Bxd3
15. Qxd3 axb4 16. axb4 Rxa1 17. Rxa1 Ra8 18. Qb1 Bd8 19. Rxa8 Qxa8 20. Qa2
Qb7 21. Qa4 b5 22. Qa2 Ne4 23. Nxe4 dxe4 24. Nd2 Nf6 25. Qa3 Bc7 26. Be5
Bxe5 27. dxe5 Nd7 28. Nxe4 Nxe5 29. Nd6 Qd7 30. Qa8+ Kh7 31. Kf1 Qe7 32.
Qa1 Ng6 33. g3 f5 34. h4 Qd7 35. Qa8 Ne7 36. Qf8 Nd5 37. Nf7 Nxe3+ 38. fxe3
Qd1+ 39. Kf2 Qc2+ 40. Kf3 Qe4+ 41. Kf2 Qc2+ 42. Kf3 Qe4+ 43. Kf2 Qc2+
1/2-1/2

[Event "GCT 2025 Saint Louis - Rapid"]
[Site "Saint Louis"]
[Date "13.08.2025"]
[Round "8R"]
[White "Caruana, Fabiano"]
[Black "Le Quang Liem"]
[Result "1-0"]
[WhiteElo "2784"]
[BlackElo "2729"]
[EventDate "2025.08.11"]

1. e4 e5 2. Nf3 Nc6 3. Bb5 Nf6 4. O-O Nxe4 5. Re1 Nd6 6. Nxe5 Be7 7. Bf1
Nf5 8. Nf3 O-O 9. d4 d5 10. c3 Bd6 11. a4 Re8 12. Rxe8+ Qxe8 13. a5 Nce7
14. a6 b6 15. c4 Be6 16. Nc3 c6 17. g4 Nh6 18. h3 Rd8 19. Qc2 f5 20. Ng5
Bc8 21. Bd2 Qg6 22. cxd5 Nxd5 23. Nxd5 cxd5 24. Rc1 Be7 25. Qxc8 Bxg5 26.
Bxg5 Qxg5 27. Qe6+ Kh8 28. Rc8 fxg4 29. Qe5 Qh4 30. Rc7 Rg8 31. Qg3 Qf6 32.
Rxa7 b5 33. hxg4 Qb6 34. Rd7 Qxa6 35. Rxd5 Qe6 36. Rxb5 Nxg4 37. d5 Qc8 38.
d6 Nf6 39. Re5 Qc2 40. Re2 Qf5 41. Bh3 Qb1+ 42. Kh2 Rf8 43. Re7 Nh5 44. Qf3
Nf6 45. d7 Qa2 46. Qg3 Nh5 47. Re8 Qf7 48. Rxf8+ Qxf8 49. Qe3 Nf6 50. Qd4
Qd8 51. b4 h5 52. b5 1-0